Pensamiento crítico latinoamericano: conceptos fundamentales

Saved in:
Bibliographic Details
Main Author: Salas Astrain, Ricardo (Author)
Format: Book
Language:Spanish
Published: Santiago Universidad Católica Silva Henríquez 2005
Edition:1a. ed
Subjects:
Tags: Add Tag
No Tags, Be the first to tag this record!

MARC

LEADER 00000nam a2200000 a 4500
001 UCK6321
003 CL-VaPUC
008 050916e20050500CL |||||||||||||||||spa|d
020 |a 9567947317 
020 |a 9567947325v.1 
020 |a 9567947333v.2 
020 |a 9567947341v.3 
082 0 4 |a 301  |b SAL  |2 21 
100 0 |a Salas Astrain, Ricardo  |e author  |9 495473 
245 1 0 |a Pensamiento crítico latinoamericano: conceptos fundamentales 
250 |a 1a. ed 
300 |a 3 v 
942 |c BK 
945 |d 20050916 00:00:00  |a jcarroza 
260 |a Santiago  |b Universidad Católica Silva Henríquez  |c 2005 
650 0 |a Antropología cultural y social   |9 265143 
650 0 |a Filosofía   |9 223554 
650 0 |a Identidad cultural  |9 319131 
650 0 |a Sociología   |9 255410 
651 0 |a América Latina   |9 255027 
583 |a last modification  |c 20050916 00:00:00  |k Rodrigo Vera 
999 |c 314617  |d 314615 
952 |0 0  |1 0  |4 0  |6 301_000000000000000_SAL_2005  |7 0  |8 A  |9 387149  |a BIBTEO  |b BIBTEO  |d 2019-11-22  |h v.1  |i 4165691  |o 301 SAL 2005  |p 4165691  |r 2025-01-17  |w 2019-11-22  |y BK  |k ICR 
952 |0 0  |1 0  |4 0  |6 301_000000000000000_SAL_2005  |7 0  |8 A  |9 387150  |a BIBTEO  |b BIBTEO  |d 2019-11-22  |h v.2  |i 4165705  |o 301 SAL 2005  |p 4165705  |r 2025-01-17  |w 2019-11-22  |y BK  |k ICR 
952 |0 0  |1 0  |4 0  |6 301_000000000000000_SAL_2005  |7 0  |8 A  |9 387151  |a BIBTEO  |b BIBTEO  |d 2019-11-22  |h v.3  |i 4165713  |o 301 SAL 2005  |p 4165713  |r 2025-01-17  |w 2019-11-22  |y BK  |k ICR 
952 |0 0  |1 0  |4 0  |6 301_000000000000000_SAL_2005  |7 0  |8 A  |9 387152  |a BIBGIM  |b BIBGIM  |d 2019-11-22  |h v.1  |i 4289315  |o 301 SAL 2005  |p 4289315  |r 2025-01-15  |w 2019-11-22  |y BK  |k SSL 
952 |0 0  |1 0  |4 0  |6 301_000000000000000_SAL_2005  |7 0  |8 A  |9 387153  |a BIBGIM  |b BIBGIM  |d 2019-11-22  |h v.1  |i 4289323  |o 301 SAL 2005  |p 4289323  |r 2025-01-15  |w 2019-11-22  |y BK  |k SSL 
952 |0 0  |1 0  |4 0  |6 301_000000000000000_SAL_2005  |7 0  |8 A  |9 387154  |a BIBGIM  |b BIBGIM  |d 2019-11-22  |h v.2  |i 4289331  |o 301 SAL 2005  |p 4289331  |r 2025-01-15  |w 2019-11-22  |y BK  |k SSL 
952 |0 0  |1 0  |4 0  |6 301_000000000000000_SAL_2005  |7 0  |8 A  |9 387155  |a BIBGIM  |b BIBGIM  |d 2019-11-22  |h v.2  |i 428934K  |o 301 SAL 2005  |p 428934K  |r 2025-01-15  |w 2019-11-22  |y BK  |k SSL 
952 |0 0  |1 0  |4 0  |6 301_000000000000000_SAL_2005  |7 0  |8 A  |9 387156  |a BIBGIM  |b BIBGIM  |d 2019-11-22  |h v.3  |i 4289358  |o 301 SAL 2005  |p 4289358  |r 2025-01-15  |w 2019-11-22  |y BK  |k SSL 
952 |0 0  |1 0  |4 0  |6 301_000000000000000_SAL_2005  |7 0  |8 A  |9 387157  |a BIBGIM  |b BIBGIM  |d 2019-11-22  |h v.3  |i 4289366  |o 301 SAL 2005  |p 4289366  |r 2025-01-15  |w 2019-11-22  |y BK  |k SSL 
952 |0 0  |1 0  |4 0  |6 301_000000000000000_SAL_2005  |7 0  |8 A  |9 387158  |a BIBHIS  |b BIBHIS  |d 2019-11-22  |h v.1  |i 4336771  |o 301 SAL 2005  |p 4336771  |r 2025-01-20  |w 2019-11-22  |y BK  |k HIS 
952 |0 0  |1 0  |4 0  |6 301_000000000000000_SAL_2005  |7 0  |8 A  |9 387159  |a BIBHIS  |b BIBHIS  |d 2019-11-22  |h v.2  |i 433678K  |o 301 SAL 2005  |p 433678K  |r 2025-01-20  |w 2019-11-22  |y BK  |k HIS 
952 |0 0  |1 0  |4 0  |6 301_000000000000000_SAL_2005  |7 0  |8 A  |9 387160  |a BIBHIS  |b BIBHIS  |d 2019-11-22  |h v.3  |i 4336798  |o 301 SAL 2005  |p 4336798  |r 2025-01-20  |w 2019-11-22  |y BK  |k HIS